<?xml version="1.0" encoding="UTF-8"?><?xml-stylesheet type="text/xsl" href="static/style.xsl"?><OAI-PMH xmlns="http://www.openarchives.org/OAI/2.0/" xmlns:xsi="http://www.w3.org/2001/XMLSchema-instance" xsi:schemaLocation="http://www.openarchives.org/OAI/2.0/ http://www.openarchives.org/OAI/2.0/OAI-PMH.xsd"><responseDate>2026-04-13T02:39:32Z</responseDate><request verb="GetRecord" identifier="oai:www.recercat.cat:10256/14838" metadataPrefix="marc">https://recercat.cat/oai/request</request><GetRecord><record><header><identifier>oai:recercat.cat:10256/14838</identifier><datestamp>2024-05-22T11:16:02Z</datestamp><setSpec>com_2072_452966</setSpec><setSpec>com_2072_2054</setSpec><setSpec>col_2072_452968</setSpec></header><metadata><record xmlns="http://www.loc.gov/MARC21/slim" xmlns:dcterms="http://purl.org/dc/terms/" xmlns:xsi="http://www.w3.org/2001/XMLSchema-instance" xmlns:doc="http://www.lyncode.com/xoai" xsi:schemaLocation="http://www.loc.gov/MARC21/slim http://www.loc.gov/standards/marcxml/schema/MARC21slim.xsd">
   <leader>00925njm 22002777a 4500</leader>
   <datafield ind2=" " ind1=" " tag="042">
      <subfield code="a">dc</subfield>
   </datafield>
   <datafield ind2=" " ind1=" " tag="720">
      <subfield code="a">Huyghe, Jennifer</subfield>
      <subfield code="e">author</subfield>
   </datafield>
   <datafield ind2=" " ind1=" " tag="260">
      <subfield code="c">2017-06</subfield>
   </datafield>
   <datafield ind2=" " ind1=" " tag="520">
      <subfield code="a">Lactic acid bacteria (LAB) are used to preserve meat, dairy products and fermented or raw vegetables against food-borne human pathogens. Besides, they have potential as biological control agents of plant pathogenic bacteria and fungi. The success of LAB in preventing the growth and activity of undesirable microorganisms is due to different mechanisms of action including the production of bacteriocins. Bacteriocins of LAB are antimicrobial peptides that have attracted much interest in recent years because of their suitability as food preservatives or plant bio pesticides. One of the prospects on the use of bacteriocins is the possibility of increasing its activity. The synthesis of bacteriocins is controlled by complex regulatory systems, therefore it is of great interest to study the factors affecting the expression of bacteriocin biosynthetic genes.&#xd;
The aim of this study was to set up a technique select the reference genes to evaluate the expression levels of some selected LAB bacteriocin genes using a biomolecular approach based on reverse transcription quantitative PCR (RT-qPCR). Specifically, the bacteriocins selected for the quantification were nisin synthesized by Lactococcus lactis and mesentericin by Leuconostoc mesenteroides. RTqPCR technique allows quantifying the transcript levels of target genes in order to study the influence of environmental conditions in the synthesis of genes. Hence, to set up the technique a reference gene (internal control gene) for the normalization of gene expression values should be selected</subfield>
   </datafield>
   <datafield ind1="8" ind2=" " tag="024">
      <subfield code="a">http://hdl.handle.net/10256/14838</subfield>
   </datafield>
   <datafield tag="653" ind2=" " ind1=" ">
      <subfield code="a">Bacteriocines</subfield>
   </datafield>
   <datafield tag="653" ind2=" " ind1=" ">
      <subfield code="a">Expressió gènica</subfield>
   </datafield>
   <datafield tag="653" ind2=" " ind1=" ">
      <subfield code="a">Aliments -- Microbiologia</subfield>
   </datafield>
   <datafield tag="653" ind2=" " ind1=" ">
      <subfield code="a">Bacteriocins</subfield>
   </datafield>
   <datafield tag="653" ind2=" " ind1=" ">
      <subfield code="a">Gene expression</subfield>
   </datafield>
   <datafield tag="653" ind2=" " ind1=" ">
      <subfield code="a">Food -- Microbiology</subfield>
   </datafield>
   <datafield ind2="0" ind1="0" tag="245">
      <subfield code="a">Selection of reference genes for gene expression studies in Lactic acid bacteria</subfield>
   </datafield>
</record></metadata></record></GetRecord></OAI-PMH>